| 000 | 01075nam a2200337 a 4500 | ||
|---|---|---|---|
| 003 | AR-BaBNM | ||
| 005 | 20251128205222.0 | ||
| 008 | 082120s2002 ||||||||||||||000 | spa|| | ||
| 040 | _cAR-BaBNM | ||
| 110 | 1 |
_aArgentina _bMinisterio de Cultura y Educación |
|
| 245 | 0 | 0 | _aLengua |
| 260 |
_aBuenos Aires _bMinisterio de Cultura y Educación de la Nación _c1996 |
||
| 300 | _a322 p. | ||
| 490 | 0 | _aFuentes para la transformación curricular | |
| 500 | _aContiene referencias bibliográficas y nómina de especialistas consultados | ||
| 650 | 4 | _aCURRICULO | |
| 651 | 4 | _aArgentina | |
| 653 | _aENSENANZA DE LA LENGUA | ||
| 653 | _aCONTENIDOS BASICOS COMUNES | ||
| 653 | _aENSEÑANZA DE LA LITERATURA | ||
| 653 | _aCONTENIDOS CURRICULARES | ||
| 653 | _aMODALIDADES DEL POLIMODAL | ||
| 700 | 1 | _aBombini, Gustavo | |
| 700 | 1 | _aDíaz Rönner, María Adelia | |
| 700 | 1 | _aKovacci, Ofelia | |
| 700 | 1 | _aNarvaja de Arnoux, Elvira | |
| 700 | 1 | _aPostigo de De Bedia, Ana María | |
| 700 | 1 | _aViramonte de Avalos, Magdalena | |
| 942 | _cBK | ||
| 998 | _cSILVI | ||
| 999 |
_c10493 _d10493 |
||